Ondu photoda negetive (Record no. 134671)

MARC details
000 -LEADER
fixed length control field 00684nam a2200241Ia 4500
003 - CONTROL NUMBER IDENTIFIER
control field OSt
005 - DATE AND TIME OF LATEST TRANSACTION
control field 20251117110754.0
008 - FIXED-LENGTH DATA ELEMENTS--GENERAL INFORMATION
fixed length control field 210210b2008 xxu||||| |||| 00| 0 eng d
040 ## - CATALOGING SOURCE
Transcribing agency AL
041 ## - LANGUAGE CODE
Language code of text/sound track or separate title Kannada
082 ## - DEWEY DECIMAL CLASSIFICATION NUMBER
Classification number K894.301 SHRO
100 ## - MAIN ENTRY--PERSONAL NAME
Personal name SHRIDHARA BALAGARA
Dates associated with a name ಶ್ರೀಧರ ಬಳಗಾರ
9 (RLIN) 245857
245 ## - TITLE STATEMENT
Title Ondu photoda negetive
Remainder of title ಒಂದು ಫೋಟೋದ ನೆಗೆಟಿವ್
260 ## - PUBLICATION, DISTRIBUTION, ETC.
Place of publication, distribution, etc. Bengaluru
Name of publisher, distributor, etc. Ankita Prakashana
Date of publication, distribution, etc. 2008
300 ## - PHYSICAL DESCRIPTION
Extent 200
650 ## - SUBJECT ADDED ENTRY--TOPICAL TERM
Topical term or geographic name entry element photoda
9 (RLIN) 245858
650 ## - SUBJECT ADDED ENTRY--TOPICAL TERM
Topical term or geographic name entry element Ondu
9 (RLIN) 245859
650 ## - SUBJECT ADDED ENTRY--TOPICAL TERM
Topical term or geographic name entry element negetive
9 (RLIN) 245860
650 ## - SUBJECT ADDED ENTRY--TOPICAL TERM
Topical term or geographic name entry element Kategalu
9 (RLIN) 245861
690 ## - LOCAL SUBJECT ADDED ENTRY--TOPICAL TERM (OCLC, RLIN)
Topical term or geographic name as entry element Kannada Fiction
9 (RLIN) 245862
906 ## - LOCAL DATA ELEMENT F, LDF (RLIN)
a 063179
942 ## - ADDED ENTRY ELEMENTS (KOHA)
Source of classification or shelving scheme Dewey Decimal Classification
Koha item type Book
Holdings
Withdrawn status Lost status Source of classification or shelving scheme Damaged status Not for loan Collection code Home library Current library Shelving location Date acquired Source of acquisition Cost, normal purchase price Total Checkouts Full call number Barcode Date last seen Date last checked out Price effective from Koha item type
    Dewey Decimal Classification     Kannada St Aloysius Library St Aloysius Library   02/17/2021 Athree book centre 120.00 1 K894.301 SHRO 063179 04/28/2023 04/18/2023 02/17/2021 Book